000 00362nam a22001217a 4500
999 _c2748
_d2748
005 20200923155153.0
008 200923b ||||| |||| 00| 0 eng d
020 _a0716600935
040 _cCML
245 _aThe World Book Encyclopedia.
_cWorld Book, Inc
260 _aChicago
_bWorld Book, Inc
_c1993
942 _2ddc
_cBK
_h030
_kGEN REF
_mWOR
_eVol.6